| 000 | 00458nam a2200181Ia 4500 | ||
|---|---|---|---|
| 001 | 8304 | ||
| 005 | 20260306160559.0 | ||
| 008 | 260306t2015||||xx |||||||||||||| ||spa|| | ||
| 041 | _aESP | ||
| 082 |
_a370.153 _bA21 |
||
| 100 |
_aAcosta Alamilla, Saúl _eAUT |
||
| 245 | 0 |
_aAprender a ser y vivir: _buna cuestión de actitud y valores |
|
| 260 | _c2015 | ||
| 300 |
_a110 páginas : _c23 cm. |
||
| 650 | _aGEN | ||
| 654 | _aCED | ||
| 942 |
_cLIB _dJUS _fJUS _2ddc _n |
||
| 999 |
_c8304 _d8304 |
||